000 00299nam a22001337a 4500
008 181210b xxu||||| |||| 00| 0 eng d
020 _a471340901
041 _aeng
080 _a510
100 _a38
101 _aMAT
245 _aOrdinary Differential Equations
_cJack.LB
942 _2udc
_cBK
999 _c53109
_d53109